Retratos de antaño / (Record no. 187681)

MARC details
000 -LEADER
campo de control de longitud fija 01148nam a2200277 i 4500
001 - NÚMERO DE CONTROL
campo de control 187681
003 - IDENTIFICADOR DE NÚMERO DE CONTROL
campo de control ES-MaACL
005 - FECHA Y HORA DE LA ÚLTIMA TRANSACCIÓN
campo de control 20251015193552.0
008 - DATOS DE LONGITUD FIJA--INFORMACIÓN GENERAL
campo de control de longitud fija 180115s1943 sp |||| |cspa d
080 ## - NÚMERO DE LA CLASIFICACIÓN DECIMAL UNIVERSAL
Número de la Clasificación Decimal Universal 94(460)"1759/88"
080 ## - NÚMERO DE LA CLASIFICACIÓN DECIMAL UNIVERSAL
Número de la Clasificación Decimal Universal 929 Villahermosa, Juan Pablo de Aragón Azlor, Duque de
080 ## - NÚMERO DE LA CLASIFICACIÓN DECIMAL UNIVERSAL
Número de la Clasificación Decimal Universal 929 Villahermosa, María Manuela Pignatelli de Aragón y Gonzaga, Duquesa de
100 1# - ENTRADA PRINCIPAL--NOMBRE DE PERSONA
Nombre de persona Coloma, Luis,
Fechas asociadas al nombre 1851-1915
9 (RLIN) 39805
245 10 - MENCIÓN DEL TÍTULO
Título Retratos de antaño /
Mención de responsabilidad, etc. P. Luis Coloma, S.I.
250 ## - MENCION DE EDICION
Mención de edición 2ª ed. definitiva.
260 ## - PUBLICACIÓN, DISTRIBUCIÓN, ETC.
Lugar de publicación, distribución, etc. Madrid :
Nombre del editor, distribuidor, etc. "Razón y Fe",
Fecha de publicación, distribución, etc. 1943.
300 ## - DESCRIPCIÓN FÍSICA
Extensión 2 v. ;
Dimensiones 20 cm.
490 1# - MENCIÓN DE SERIE
Mención de serie Obras completas ;
Designación de volumen o secuencia 9-10
500 ## - NOTA GENERAL
Nota general Índice onomástico.
600 17 - PUNTO DE ACCESO ADICIONAL DE MATERIA--NOMBRE DE PERSONA
Nombre de persona Villahermosa, Juan Pablo de Aragón Azlor,
Títulos y otros términos asociados al nombre Duque de,
Fechas asociadas al nombre 1730-1790
Fuente del encabezamiento o término
9 (RLIN) 151996
600 17 - PUNTO DE ACCESO ADICIONAL DE MATERIA--NOMBRE DE PERSONA
Nombre de persona Villahermosa, María Manuela Pignatelli de Aragón y Gonzaga,
Títulos y otros términos asociados al nombre Duquesa de,
Fechas asociadas al nombre 1753-1816
Fuente del encabezamiento o término
9 (RLIN) 151997
651 #4 - PUNTO DE ACCESO ADICIONAL DE MATERIA--NOMBRE GEOGRÁFICO
Nombre geográfico España-
Subdivisión general Historia-
Subdivisión cronológica 1759-1788, Carlos III.
9 (RLIN) 8240
830 0# - PUNTO DE ACCESO ADICIONAL DE SERIE-TÍTULO UNIFORME
Título uniforme Obras completas ;
Designación de volumen o secuencia 9-10
9 (RLIN) 176447
852 ## - LOCALIZACIÓN
Ubicación ES-MaACL
Número de control de estantería L-31851-52
Nota libre . - Donat. herederos de la bibl. de Mª del Pilar Costa Palacín
Holdings
Estatus retirado Estado de pérdida Estado de daño No para préstamo Biblioteca de origen Biblioteca actual Ubicación en estantería Fecha de adquisición Fuente de adquisición Total de préstamos Signatura topográfica completa Código de barras Visto por última vez Precio de reemplazo Tipo de ítem Koha
        Biblioteca del Ateneo de Madrid Biblioteca del Ateneo de Madrid Depósito 2 15/01/2018     L-31851-52 1198259 23/02/2023 23/02/2023 Libro impreso